| 000 | 01130nam0a22003011 4500 | ||
|---|---|---|---|
| 001 | rc\4555184 | ||
| 005 | 20250612115333.0 | ||
| 021 |
_aRU _b[65-78404] |
||
| 035 | _a(NLR Aleph) 008643707 | ||
| 090 |
_a8958466 _c8958466 |
||
| 100 | _a20130416d1965 |||y0rusy50 ca | ||
| 101 | 0 | _arus | |
| 102 | _aRU | ||
| 105 | _aa z ||||| | ||
| 200 | 1 |
_aЛекционные демонстрации по физике _fПод ред. В.И. Ивероновой |
|
| 210 |
_aМосква _cНаука _d1965 |
||
| 215 |
_a572 с. _cил. _d22 |
||
| 300 | _aПеред загл. авт.: М.А. Грабовский, А.Б. Млодзеевский, Р.В. Телеснин и др. | ||
| 606 |
_aФизика _xЛекционные демонстрации _2psbo |
||
| 701 | 1 |
_aМлодзеевский _bА.Б. |
|
| 701 | 1 |
_aТелеснин _bР.В. |
|
| 701 | 1 |
_aГрабовский _bМ.А. _gМихаил Александрович |
|
| 702 | 1 |
_aИверонова _bВ.И. _gВалентина Ивановна _4340 |
|
| 801 | 0 |
_aRU _bNLR _gpsbo |
|
| 801 | 1 |
_aRU _bELAR _2rusmarc |
|
| 852 |
_aNLR _j65-5/4813 |
||
| 942 | _cBOOK | ||
| 980 | _aNB | ||